000 00191nam a22000977a 4500
082 _a050
245 _aSAVVY - ENGLISH - NOVEMBER 2017
300 _a138P
490 _aNOVEMBER 2017
942 _cCR
999 _c4056
_d4056